| 000 | 00000nam##2200000za#4500 |
| 001 | 9.634250 |
| 003 | CaOODSP |
| 005 | 20220107104341 |
| 007 | cr ||||||||||| |
| 008 | 150407|2007||||xxc|||||o f|0| 0 fre|d |
| 020 | |a978-0-662-09490-6 |
| 040 | |aCaOODSP|bfre |
| 043 | |an-cn--- |
| 086 | 1 |aHP35-5/2007F-PDF |
| 110 | 2 |aCentre de prévention et de contrôle des maladies chroniques (Canada) |
| 245 | 10|aLignes directrices pour la surveillance de la performance des programmes de dépistage du cancer du sein : |h[ressource électronique]|brapport du Groupe de travail sur les indicateurs d'évaluation |
| 250 | |a2e éd. |
| 260 | |aOttawa - Ontario : |bAgence de santé publique du Canada. |cMars 2007. |
| 300 | |a40p.|bfigure, glossaire, références, tableaux |
| 520 | 3 |aLe présent document a pour objet de définir une première série de mesures de la performance pour les programmes canadiens de dépistage du cancer du sein. On s’en inspirera pour promouvoir le calcul uniforme de mesures clés de la performance dans le cadre des diverses initiatives de suivi et d’évaluation des programmes qui seront entreprises au fil du temps. |
| 590 | |a12-27-Supp|b2012-06-12 |
| 691 | 07|aCancer du sein|2gcpds |
| 775 | 08|tGuidelines for monitoring breast cancer screening performance : |w(CaOODSP)9.689873 |
| 776 | 0#|tGuidelines for monitoring breast screening program performance : |w(CaOODSP)9.669183 |
| 776 | 0#|tLignes directrices pour la surveillance de la performance des programmes de dépistage du cancer du sein : |w(CaOODSP)9.669184 |
| 856 | 40|ahttp://publications.gc.ca|qPDF|s147 Ko|uhttps://publications.gc.ca/collections/collection_2012/aspc-phac/HP35-5-2007-fra.pdf |